Šibali prútmi šibali

Bibliographic Details
Main Author: Turanec, Igor (Author)
Format: Article
Language:Slovak
PhysicalDescription:Fotogr.
ISSN:0231-8768
Subjects:

MARC

LEADER 00000nab a2200000 a 4500
001 vtls009164306
003 SK-MaSNL
005 20260304153819.0
008 250507c2007 xo |||||||||||000 b|slo
015 |a SNBRB2007/11  |2 snkbucl 
035 |a (uuid)08884e0a-98bc-4dfe-9a3f-dcebfbd92de4 
035 |a urn:nbn:sk:snk-abet8d 
035 |a (urnnbn)urn:nbn:sk:snk:ar-0074t9 
038 |a SNKBUCL 
040 |a SNKBUCL  |b slo  |c SNKBUCL  |e AACR2 
041 0 |a slo 
044 |a xo  |c SK 
080 |a 799.1.093-053.2  |x (437.6)  |2 1997 
080 |a 639.2.081.4  |x (437.6)  |2 1997 
100 1 |a Turanec, Igor  |4 aut  |9 838754 
245 1 0 |a Šibali prútmi šibali  |c Igor Turanec 
300 |b Fotogr. 
611 2 7 |a Zlatý blyskáč  |d (2007 :  |c Košice, Slovensko)  |2 snkbucl  |9 1477733 
650 0 7 |a športový rybolov  |2 snkbucl  |9 2839 
650 0 7 |a deti  |2 snkbucl  |9 773 
651 7 |a Košice (Slovensko)  |2 snkbucl  |9 18694 
773 0 |t Poľovníctvo a rybárstvo  |g Roč. 59, č. 11 (2007), s. 62  |x 0231-8768 
850 |a Slovenská národná knižnica 
852 |a Slovenská národná knižnica 
954 |a odborná, vedecká literatúra pôvodná (slovenská)  |2 lita 
958 |a article27 
958 |a SK 
958 |a OND 
958 |a EUIPO 
999 |c 2955047  |d 2956977